100 jogos numéricos (Registo nº 652)

Detalhes MARC
000 -Etiqueta do registo
Cabeçalho 00575nam0a22002531 4500
005 - Identificador da versão
Campo de controlo 20240822153656.0
010 ## - Número internacional normalizado dos livros (ISBN)
Número (ISBN) 9726621968
021 ## - Número do Depósito Legal
Código do país PT
Número 131 659/99
035 ## - Other System Control Numbers
System Control Number 0000680
System Control Number 0000676
System Control Number 0000676
System Control Number 0000664
100 ## - Dados gerais de processamento
Dados gerais de processamento 20051114d a e0pory5003 ba
101 1# - Língua de publicação
Língua do texto, banda sonora, etc. Português
Língua do documento no original Francês
102 ## - Pais de publicação ou produção
País de publicação Portugal
105 ## - Campo de dados codificados: livros
Dados codificados dos livros y z 001yy
106 ## - Campo de dados codificados: material textual
Dados codificados do material textual r
200 1# - Titulo e menção de responsabilidade
Título próprio 100 jogos numéricos
Primeira menção de responsabilidade Pierre Berloquin
210 ## - Publicação, Distribuição, etc. 
Lugar da edição, distribuição, etc. Lisboa
Nome do editor, distribuidor, etc. Gradiva
Data da publicação, distribuição, etc. 1999
215 ## - Descrição física 
Indicação específica da natureza do documento e extensão da espécie p. 149
Dimensões cm
225 2# - Colecção 
Título próprio da colecção o prazer da matemática
Indicação de volume 3
942 ## - Elementos de entrada adicionados (Koha)
Tipo de item no Koha Livro
Exemplares
Situação do levantamento Origin of item (home branch) (coded) Biblioteca de empréstimo Código de barras Circulation type (not for loan) Tipo de documento Nota do exemplar Damaged status
  Biblioteca Escolar Eng. Nuno Mergulhão Biblioteca Escolar Eng. Nuno Mergulhão BENM720   Livro Sem mensagem